Técnica literaria
שמור ב:
| מחבר ראשי: | |
|---|---|
| פורמט: | ספר |
| שפה: | ספרדית |
| יצא לאור: |
Santiago
Nascimento
1956
|
| מהדורה: | 7a. ed |
| נושאים: | |
| תגים: |
הוספת תג
אין תגיות, היה/י הראשונ/ה לתייג את הרשומה!
|
MARC
| LEADER | 00000nam a2200000 a 4500 | ||
|---|---|---|---|
| 001 | UCX3136 | ||
| 003 | CL-VaPUC | ||
| 008 | 911004e19560000CL |||||||||||||||||spa|d | ||
| 082 | 0 | 4 | |a 801.95 |b SOL |2 21 |
| 100 | 0 | |a Solar Correa, Eduardo |e author |9 319222 | |
| 245 | 1 | 0 | |a Técnica literaria |
| 250 | |a 7a. ed | ||
| 300 | |a 143 p | ||
| 942 | |c BK | ||
| 945 | |d 19911004 00:00:00 | ||
| 260 | |a Santiago |b Nascimento |c 1956 | ||
| 650 | 0 | |a Crítica literaria |9 269189 | |
| 650 | 0 | |a Retórica |9 266620 | |
| 650 | 0 | |a Estética literaria |9 314715 | |
| 650 | 7 | |a FORMAS LITERARIAS |2 CL-VaPUC |9 314716 | |
| 583 | |a last modification |c 19911004 00:00:00 |k Rodrigo Vera | ||
| 999 | |c 223959 |d 223957 | ||
| 952 | |0 0 |1 0 |4 0 |6 801_950000000000000_SOL_1956 |7 0 |8 A |9 220258 |a BIBEDU |b BIBEDU |d 2019-11-15 |i 2889927 |o 801.95 SOL 1956 |p 2889927 |r 2019-11-15 |w 2019-11-15 |y BK |k LIT | ||